00638nam a2200133Ia 4500008004100000020001800041100002100059245003900080260003900119440003000158650001200188650026000200856004400460171212s9999 xx 000 0 und d a9780874211245 aPaulsen, Deirdre cPaulsen, DeirdreaRoll Away Saloon bUniversity Press of Coloradoc1985 aWestern Experience Series aHistory aRider, Rowland W., 1890-; Frontier and pioneer life -- Utah -- Kanab Region; Frontier and pioneer life -- Arizona -- Grand Canyon Region; Cowboys -- Utah -- Kanab Region -- Biography; Cowboys -- Arizona -- Grand Canyon Region -- Biography; Folklore -- Uta uhttp://www.jstor.org/stable/j.ctt46nxm7